000 00604nam a2200217Ia 4500
005 20250326144104.0
008 250326s9999 xx 000 0 und d
020 _a81-7188-293-5
037 _aTextbook
040 _aFMSL
_beng
_cFMSL
041 _aeng
_2eng
084 _aX:89ZB P03
_qFMSL
100 _aParthasarathy G
_9246925
245 0 _aEconomic reforms and rural development in India
_cParthasarathy G
260 _aNY
_bNY, Academic Foundation
_c2003
300 _a288p
365 _b795
650 _aDevelopment
942 _cTB
_hX:89ZB P03
999 _c1302310
_d1302310